000 01157cam a2200349 a 4500
001 2141
005 20231108073830.0
020 _a9780142412527
020 _a9780545203937
040 _aDLC
_cDLC
_dDLC
_beng
050 0 0 _aPZ7.A54385
_bTe 2009
082 0 0 _a303
_222
100 1 _aAnderson, Laurie Halse
245 1 0 _aTeacher's pet /
_cLaurie Halse Anderson.
260 _aNew York :
_bPuffin Books,
_c2009
300 _a135 pages :
_c20 cm
490 0 _aVet volunteers ;
_v7
505 _aK
520 _aAdjusting to middle school becomes easier for twelve-year-old Maggie when she finds that her biology teacher, who is blind, can learn a few things from her about working with his guide dog.
521 1 _a580
_bLexile
521 1 _aK
_bRaz-Plus
650 1 _aGuide dogs
_vFiction.
650 1 _aDogs
_vFiction.
650 1 _aBlind
_vFiction.
650 1 _aPeople with disabilities
_vFiction.
650 1 _aTeacher-student relationships
_vFiction.
650 1 _aMiddle schools
_vFiction.
650 1 _aSchools
_vFiction.
650 1 _aVeterinarians
_vFiction.
906 _a7
_bcbc
_corignew
_d1
_eecip
_f20
_gy-gencatlg
942 _2ddc
_cBK
_n0
999 _c2141
_d2141